Geography Quiz

Random Geography or City Quiz

4 to 13 Letter 'R' Places Quiz Stats

 Plays Quiz Updated May 26, 2019

Support Sporcle.
Go Orange.
Score 0/10 Timer 02:00
8 Plays Today
Clue 'R'-Place % Correct
World's largest countryRussia
98.2%
Smallest state in United States (two words)Rhode Island
93%
River that stretches from Netherlands to SwitzerlandRhine
88.3%
First city to reach 1,000,000 populationRome
85.2%
Brazilian city meaning 'river of January' (three words)Rio de Janeiro
83.5%
North Carolina's capital cityRaleigh
74.9%
Virginia's capital cityRichmond
72.9%
Capital city of European island nationReykjavík
63.7%
Great Plains river with a political nameRepublican
27.7%
Archipelago of volcanic islands located in Pacific OceanRevillagigedo
1.4%

You're not logged in!

Compare scores with friends on all Sporcle quizzes.
OR
Log In

From the Vault

Austria's Borders

by Rooneyfan1

Australia's Borders would be a much simpler quiz.
Remove Ads.
Support Sporcle.
Get the best of Sporcle when you Go Orange. This ad-free experience offers more features, more stats, and more fun while also helping to support Sporcle. Thank you for becoming a member.

Show Comments

Extras

Top Quizzes Today


Score Distribution

Your Account Isn't Verified!

In order to create a playlist on Sporcle, you need to verify the email address you used during registration. Go to your Sporcle Settings to finish the process.

Report this User

Report this user for behavior that violates our Community Guidelines.

Details: